000 00865nam a2200289Ia 4500
003 OSt
005 20221007123128.0
006 a|||||r|||| 00| 0
007 ta
008 221006b |||||||| |||| 00| 0 eng d
020 _a9788120324411 (pbk)
024 _a110819
037 _cTextual
040 _aPAPL
_cPAPL
_beng
041 _2eng
_aeng
082 _aE5, P5;2
100 _aMehta Bhupinder
_9526175
245 0 _aOrganic chemistry
_b Mehta Manju
260 _aNew
_bDelhi Prentice Hall of India Private Limited
_c2005
300 _axxix, 1130p.
_ccm.
500 _aIncludes bibliographical references .; Appendices 1095-1096p.; Index 1097-1106p.
650 _a Organic chemistry
650 _aChemistry
700 _a Mehta Manju
942 _hE5, P5;2
_cTEXL
_2CC
999 _c1211410
_d1211410